Ensaio sobre os poderes do Representante da Repb︢lica para as Regioes Autn̤omas Portuguesas

Bibliographic Details
Main Author: Ourique, Arnaldo
Format: Unknown
Language:Portuguese
Published: Barcelona : vLex, 2009
Subjects:
Online Access:Acceso restringido

MARC

LEADER 00000ny a22000003n 4500
005 20110617134555.0
008 A10218s2009 sp || 000|0 por d
035 |a 4666 
040 |a BUS  |d vLex 
090 |c 828  |d 828 
100 1 |a Ourique, Arnaldo 
245 1 0 |a Ensaio sobre os poderes do Representante da Repb︢lica para as Regioes Autn̤omas Portuguesas  |h [Recurso electrn̤ico]  |c Ourique Arnaldo  
256 |a Servicio en ln̕ea 
260 |a Barcelona :  |b vLex,  |c 2009 
300 |a p. ;  |c cm 
506 1 |a Contenido solo disponible en los productos indicados  |d vLex Global  |d vLex Global (Academic Edition, excluding Law Schools)  |d vLex Global (U.S. Academic Edition, Law Schools)  |d vLex Global (U.S. Academic Edition, excluding Law Schools)  |d vLex Global (Academic Edition, Law Schools) 
650 0 4 |a Administracin̤ autonm̤ica  |z Portugal 
651 4 |a Portugal  |x Polt̕ica y gobierno 
740 0 |a vLex Libros (Servicios en ln̕ea) 
856 4 0 |u http://vlex.com/source/4666  |z Acceso restringido 
942 |c BOOK 
999 0 |a Local government  |b Portugal